Normal view
MARC view
- Holst, Gerald C
Entry Personal Name
001 - CONTROL NUMBER
- control field: 96531
003 - CONTROL NUMBER IDENTIFIER
- control field: NUST
005 - DATE AND TIME OF LATEST TRANSACTION
- control field: 20220804125445.0
008 - FIXED-LENGTH DATA ELEMENTS
- fixed length control field: 220804|| aca||aabn | a|a d
040 ## - CATALOGING SOURCE
- Original cataloging agency: NUST
- Transcribing agency: NUST
100 ## - HEADING--PERSONAL NAME
- Personal name: Holst, Gerald C
670 ## - SOURCE DATA FOUND
- Source citation: Work cat.: (NUST)175579: Holst, Gerald C., Sampling, aliasing, and data fidelity for electronic imaging systems, communications, and data acquisition /, c1998.
